[Event "SF Gerresheim 1 - SV Dinslaken 1"]
[Site "Oberliga NRW 2018/2019"]
[Date "2018.10.14"]
[Round "2.2"]
[White "Volkov, Mykyta"]
[Black "Strijbos, Maarten"]
[Result "1-0"]
[WhiteElo "2138"]
[BlackElo "2329"]
[PlyCount "131"]
[EventDate "2018.??.??"]
[WhiteTeam "SF Gerresheim 1"]
[BlackTeam "SV Dinslaken 1"]

1. d4 d5 2. c4 c6 3. e3 Nf6 4. Nc3 g6 5. Nf3 Bg7 6. Bd3 O-O 7. O-O dxc4 8. Bxc4
Bg4 9. h3 Bxf3 10. Qxf3 Nbd7 11. Rd1 b5 12. Bb3 b4 13. Na4 Rc8 14. Bd2 a5 15.
a3 bxa3 16. Rxa3 e5 17. Nc5 Nxc5 18. dxc5 e4 19. Qe2 Qe7 20. Rc1 Nd7 21. Bxa5
Qe5 22. Bc3 Qxc5 23. Qd2 Ne5 24. Bb4 Nf3+ 25. gxf3 Qg5+ 26. Kf1 exf3 27. Bc4
Rfd8 28. Qc2 Qg2+ 29. Ke1 Qxh3 30. Ra7 c5 31. Ba5 Rd7 32. Rxd7 Qxd7 33. Rd1 Qg4
34. Qb3 Qf5 35. Bc3 Bxc3+ 36. Qxc3 h5 37. Rd5 Qb1+ 38. Rd1 Qf5 39. Qd3 Qf6 40.
Qd7 Rb8 41. Qd6 Qxd6 42. Rxd6 Rxb2 43. Rxg6+ Kf8 44. Rd6 Rb4 45. Ba6 h4 46. Bc8
c4 47. Rd1 c3 48. Rc1 Ke7 49. Rxc3 Rb1+ 50. Kd2 Rf1 51. e4 Rxf2+ 52. Ke3 Rg2
53. Rc5 f2 54. Ke2 Kd8 55. Kf1 Rg3 56. Kxf2 Ra3 57. Bg4 Ra2+ 58. Kf3 Ke7 59.
Rh5 Rh2 60. Kf4 Kf6 61. Bf3 Kg6 62. Rg5+ Kh6 63. Rh5+ Kg6 64. Kg4 Rb2 65. Rg5+
Kf6 66. Rf5+ 1-0

[Event "SF Gerresheim 1 - SV Dinslaken 1"]
[Site "Oberliga NRW 2018/2019"]
[Date "2018.10.14"]
[Round "2.3"]
[White "Welzel, Philipp"]
[Black "Liedmann, Dennis"]
[Result "1-0"]
[WhiteElo "2199"]
[BlackElo "2137"]
[PlyCount "61"]
[EventDate "2018.??.??"]
[WhiteTeam "SV Dinslaken 1"]
[BlackTeam "SF Gerresheim 1"]

1. d4 g6 2. e4 c6 3. c4 d6 4. Nc3 e5 5. Nf3 Bg7 6. Be3 Nd7 7. Be2 Ngf6 8. d5 c5
9. Nd2 O-O 10. g4 Ne8 11. h4 f5 12. gxf5 gxf5 13. exf5 Rxf5 14. Qc2 Ndf6 15.
O-O-O Bf8 16. Rdg1+ Kf7 17. Rg5 Ng7 18. Bd3 Rxg5 19. hxg5 Ng4 20. Bxh7 Nxe3 21.
Qg6+ Ke7 22. fxe3 Kd7 23. Rf1 Kc7 24. Rf7+ Kb6 25. Rxg7 Bxg7 26. Qxg7 Bg4 27.
Nde4 a6 28. Qf6 Kc7 29. Qxd8+ Rxd8 30. Nf6 Rh8 31. g6 1-0

[Event "SF Gerresheim 1 - SV Dinslaken 1"]
[Site "Oberliga NRW 2018/2019"]
[Date "2018.10.14"]
[Round "2.4"]
[White "Van Lanen, Toon"]
[Black "Mundorf, Johannes"]
[Result "0-1"]
[WhiteElo "2141"]
[BlackElo "2169"]
[PlyCount "58"]
[EventDate "2018.??.??"]
[WhiteTeam "SF Gerresheim 1"]
[BlackTeam "SV Dinslaken 1"]

1. e4 e6 2. d4 d5 3. Nc3 Nf6 4. Bd3 dxe4 5. Nxe4 Nbd7 6. Ne2 Be7 7. O-O O-O 8.
b3 b6 9. c4 Bb7 10. Qc2 Nxe4 11. Bxe4 Bxe4 12. Qxe4 Bf6 13. Ba3 c5 14. Rad1 Qc7
15. Rd3 Rfd8 16. dxc5 Nxc5 17. Bxc5 Rxd3 18. Qxd3 Rd8 19. Bxb6 Qxb6 20. Qe4 Rd2
21. g3 g6 22. Rb1 Rxa2 23. b4 a5 24. c5 Qb5 25. Nd4 Qc4 26. Rd1 axb4 27. c6 b3
28. c7 Bxd4 29. Qb7 Rc2 0-1

[Event "SF Gerresheim 1 - SV Dinslaken 1"]
[Site "Oberliga NRW 2018/2019"]
[Date "2018.10.14"]
[Round "2.5"]
[White "Ossig, Rainer"]
[Black "Koehler, Markus"]
[Result "1-0"]
[WhiteElo "2159"]
[BlackElo "2085"]
[PlyCount "119"]
[EventDate "2018.??.??"]
[WhiteTeam "SV Dinslaken 1"]
[BlackTeam "SF Gerresheim 1"]

1. Nf3 Nf6 2. g3 g6 3. b3 Bg7 4. Bb2 O-O 5. Bg2 c5 6. c4 Nc6 7. O-O d6 8. d4
cxd4 9. Nxd4 Bd7 10. Qd2 Nxd4 11. Bxd4 Bc6 12. f3 Nd7 13. Nc3 Bxd4+ 14. Qxd4
Qb6 15. Rfd1 Qxd4+ 16. Rxd4 a5 17. Rb1 Nc5 18. e4 Rfb8 19. Bf1 f5 20. exf5 gxf5
21. Kf2 Re8 22. Re1 Rad8 23. Red1 Rf8 24. Bh3 Rf6 25. Bf1 e5 26. Nd5 Bxd5 27.
Rxd5 f4 28. Rxc5 fxg3+ 29. hxg3 Rdf8 30. Rcd5 Rxf3+ 31. Kg2 e4 32. Re1 Rf2+ 33.
Kg1 R2f3 34. Rg5+ Kh8 35. Bg2 h6 36. Rg4 Rf2 37. Rgxe4 Rxa2 38. Re8 Kg7 39.
R1e7+ Rf7 40. Bd5 Rxe7 41. Rxe7+ Kf6 42. Rxb7 a4 43. bxa4 Rxa4 44. Kg2 Ra3 45.
Kh3 h5 46. Kh4 Re3 47. Rf7+ Kg6 48. Rd7 Re2 49. Rxd6+ Kf5 50. Kh3 h4 51. gxh4
Re3+ 52. Kg2 Kg4 53. Kf2 Rc3 54. Ke2 Kxh4 55. Rg6 Kh5 56. Rg8 Ra3 57. Kd2 Kh6
58. Be4 Ra6 59. Kc3 Re6 60. Kd4 1-0

[Event "SF Gerresheim 1 - SV Dinslaken 1"]
[Site "Oberliga NRW 2018/2019"]
[Date "2018.10.14"]
[Round "2.6"]
[White "Sapkowski, Wieslaw"]
[Black "Borchert, Rene"]
[Result "0-1"]
[WhiteElo "2027"]
[BlackElo "2139"]
[PlyCount "58"]
[EventDate "2018.??.??"]
[WhiteTeam "SF Gerresheim 1"]
[BlackTeam "SV Dinslaken 1"]

1. e4 e5 2. Nf3 Nc6 3. Bb5 a6 4. Ba4 d6 5. d4 b5 6. Bb3 Nxd4 7. Nxd4 exd4 8. a4
Bb7 9. axb5 axb5 10. Rxa8 Bxa8 11. Na3 c5 12. O-O c4 13. Nxc4 bxc4 14. Ba4+ Ke7
15. Qxd4 Qc7 16. Bf4 Qc5 17. Bxd6+ Qxd6 18. Qa7+ Kf6 19. Qxa8 Nh6 20. h3 g6 21.
c3 Kg7 22. Rd1 Qb6 23. Rd8 Qxb2 24. Qa5 Bc5 25. Qxc5 Rxd8 26. Qe5+ Kg8 27. Qg5
Qd2 28. f4 Kg7 29. Qe5+ Kf8 0-1

[Event "SF Gerresheim 1 - SV Dinslaken 1"]
[Site "Oberliga NRW 2018/2019"]
[Date "2018.10.14"]
[Round "2.7"]
[White "Sonnenschein, Philipp"]
[Black "Yilmaz, Ahmet"]
[Result "1-0"]
[WhiteElo "2096"]
[BlackElo "1844"]
[Annotator "Daniel"]
[PlyCount "121"]
[EventDate "2018.??.??"]
[WhiteTeam "SV Dinslaken 1"]
[BlackTeam "SF Gerresheim 1"]

1. e4 e5 2. Nf3 Nc6 3. Bb5 f5 4. d3 fxe4 5. dxe4 Nf6 6. O-O d6 7. Nc3 Be7 8.
Qd3 O-O 9. Qc4+ Kh8 10. Bxc6 bxc6 11. Qxc6 Rb8 12. Qc4 Bg4 13. Ng5 Qd7 14. f3
Bh5 15. b3 h6 16. Nh3 c6 17. Nf2 d5 18. Qe2 Bc5 19. Bb2 Bd4 20. Rad1 Nxe4 21.
Ncxe4 Bxb2 22. c3 Ba3 23. Ng3 Bg6 24. Qxe5 Bd6 25. Qd4 Qc7 26. Qg4 Bh7 27. Rfe1
Rf6 28. Nf1 Rf4 29. Qe6 Rbf8 30. Nd3 R4f6 31. Qg4 Bf5 32. Qd4 Bc8 33. Re2 Qf7
34. Ne5 Qe8 35. Rde1 Re6 36. f4 Kg8 37. Ng3 Bxe5 38. Rxe5 Rxe5 39. fxe5 Qe7 40.
Rf1 Rxf1+ 41. Nxf1 Qa3 42. Qd2 Kf7 43. Ng3 Qc5+ 44. Kh1 a5 45. Ne2 Qf2 46. Qf4+
Qxf4 47. Nxf4 g5 48. Nd3 Kg6 49. a4 Kf5 $11 50. b4 Ke4 51. bxa5 Kxd3 52. a6
Bxa6 53. e6 Bc8 54. e7 Bd7 55. a5 Kxc3 56. a6 d4 57. a7 d3 58. a8=Q d2 59. Qa1+
Kc2 60. Qa4+ Kc1 61. Qc4+ 1-0

[Event "SF Gerresheim 1 - SV Dinslaken 1"]
[Site "Oberliga NRW 2018/2019"]
[Date "2018.10.14"]
[Round "2.8"]
[White "Orlova, Inna"]
[Black "Bergmans, Dirk"]
[Result "1/2-1/2"]
[WhiteElo "1917"]
[BlackElo "2044"]
[PlyCount "44"]
[EventDate "2018.??.??"]
[WhiteTeam "SF Gerresheim 1"]
[BlackTeam "SV Dinslaken 1"]

1. d4 Nf6 2. c4 c5 3. d5 b5 4. cxb5 a6 5. bxa6 g6 6. a7 Rxa7 7. Nc3 Ba6 8. g3
Bg7 9. Bg2 d6 10. Nf3 O-O 11. O-O Nbd7 12. Rb1 Qa5 13. Bd2 Rb8 14. Re1 Ng4 15.
Qc2 Nge5 16. b3 Qa3 17. Rbd1 Bc8 18. Bg5 Nb6 19. Qd2 Qa5 20. Rc1 Ng4 21. h3 Ne5
22. Nh4 f5 1/2-1/2

[Event "SG Porz 1 - Klub Kölner SF 1"]
[Site "Oberliga NRW 2018/2019"]
[Date "2018.10.14"]
[Round "2.1"]
[White "Strohhaeker, Raoul"]
[Black "Lutz, Christopher"]
[Result "0-1"]
[WhiteElo "2416"]
[BlackElo "2490"]
[PlyCount "72"]
[EventDate "2018.??.??"]
[WhiteTeam "Klub Kölner SF 1"]
[BlackTeam "SG Porz 1"]

1. e4 c5 2. Nf3 e6 3. d4 cxd4 4. Nxd4 Nc6 5. Nc3 a6 6. Be2 d6 7. O-O Nf6 8. Be3
Be7 9. f4 O-O 10. Qe1 Bd7 11. Rd1 Nxd4 12. Bxd4 Bc6 13. Qg3 Qc7 14. Kh1 b5 15.
a3 Qb7 16. Bd3 Rad8 17. Qh3 Nxe4 18. Rde1 d5 19. f5 exf5 20. Rxf5 g6 21. Qh6 f6
22. Rf3 Rf7 23. Rh3 Bf8 24. Qf4 f5 25. Ne2 Re8 26. Rf1 Qc7 27. Qh4 Qe7 28. Qf4
Qg5 29. c3 Bd6 30. Qxg5 Nxg5 31. Re3 Ne4 32. Bc2 Rfe7 33. Nc1 Nd2 34. Rxe7 Rxe7
35. Rd1 Nc4 36. Nd3 Re2 0-1

[Event "SG Porz 1 - Klub Kölner SF 1"]
[Site "Oberliga NRW 2018/2019"]
[Date "2018.10.14"]
[Round "2.2"]
[White "Rotstein, Arkadij"]
[Black "Morawietz, Dieter"]
[Result "1-0"]
[WhiteElo "2467"]
[BlackElo "2368"]
[PlyCount "73"]
[EventDate "2018.??.??"]
[WhiteTeam "SG Porz 1"]
[BlackTeam "Klub Kölner SF 1"]

1. Nf3 d5 2. e3 Nf6 3. c4 e6 4. Nc3 c5 5. d4 Nc6 6. a3 a6 7. dxc5 Bxc5 8. b4
Ba7 9. Bb2 O-O 10. Qc2 Bd7 11. Rd1 Rc8 12. cxd5 exd5 13. Be2 h6 14. Qd3 Be6 15.
O-O Qe7 16. b5 axb5 17. Nxb5 Bb8 18. Rc1 Ne4 19. Nbd4 Bg4 20. Rc2 Rfe8 21. Rfc1
Qd6 22. g3 Qe7 23. Nxc6 bxc6 24. Qd4 f6 25. Rxc6 Rcd8 26. Qd3 Qf7 27. Nh4 Bxe2
28. Qxe2 d4 29. Bxd4 Nxg3 30. hxg3 Rxd4 31. Nf5 Rde4 32. Qd3 Kh8 33. Rc8 Qb7
34. Rxe8+ Rxe8 35. Rc4 Qb5 36. Nxg7 Re5 37. Ne6 1-0

[Event "SG Porz 1 - Klub Kölner SF 1"]
[Site "Oberliga NRW 2018/2019"]
[Date "2018.10.14"]
[Round "2.3"]
[White "Helbig, Mark"]
[Black "Xu, Xianliang"]
[Result "1/2-1/2"]
[WhiteElo "2336"]
[BlackElo "2453"]
[PlyCount "46"]
[EventDate "2018.??.??"]
[WhiteTeam "Klub Kölner SF 1"]
[BlackTeam "SG Porz 1"]

1. c4 e5 2. Nc3 Nf6 3. g3 d5 4. cxd5 Nxd5 5. Bg2 Nb6 6. Nf3 Nc6 7. O-O Be7 8.
d3 O-O 9. a3 Be6 10. b4 a5 11. b5 Nd4 12. Rb1 Nd5 13. Nxd5 Nxf3+ 14. Bxf3 Bxd5
15. Bxd5 Qxd5 16. Qc2 a4 17. Qxc7 Bc5 18. e4 Qxd3 19. Bb2 Bxa3 20. Bxa3 Qxa3
21. Qxb7 Qd6 22. Rfd1 Qe6 23. Qd5 Qxd5 1/2-1/2

[Event "SG Porz 1 - Klub Kölner SF 1"]
[Site "Oberliga NRW 2018/2019"]
[Date "2018.10.14"]
[Round "2.4"]
[White "Korotkjevich, Stanislav"]
[Black "Bayer, Ernst-Wolfgang"]
[Result "1/2-1/2"]
[WhiteElo "2350"]
[BlackElo "2218"]
[PlyCount "97"]
[EventDate "2018.??.??"]
[WhiteTeam "SG Porz 1"]
[BlackTeam "Klub Kölner SF 1"]

1. d4 f5 2. g3 Nf6 3. Bg2 d6 4. b3 g6 5. Bb2 Bg7 6. Nd2 O-O 7. e3 a5 8. a4 Nc6
9. Ne2 e5 10. dxe5 dxe5 11. Bxc6 bxc6 12. Nc4 Qe8 13. Bxe5 Be6 14. Qd4 c5 15.
Qc3 Bd5 16. Rf1 Bg2 17. Rg1 Bf3 18. h4 Rf7 19. Nf4 Ne4 20. Qb2 Bh6 21. Nd3 Re7
22. Rc1 Rd8 23. Qa1 Rd5 24. Bb2 Nd6 25. Nce5 Bh5 26. f4 Nf7 27. Kf2 Qa8 28. g4
Nxe5 29. Bxe5 Bxg4 30. Rg3 Qd8 31. Qc3 Re6 32. Rh1 c6 33. Rh2 Bh5 34. Ke1 Bf8
35. Kd2 Be7 36. Kc1 Kf7 37. Kb2 Bxh4 38. Rg1 Bf6 39. Rh3 Qe7 40. Bxf6 Qxf6 41.
Qxf6+ Kxf6 42. Ne5 Rexe5 43. fxe5+ Kxe5 44. Kc3 Kd6 45. Rg2 Ke5 46. Kc4 Ke4 47.
Rf2 Ke5 48. Rhh2 Ke4 49. Rh3 1/2-1/2

[Event "SG Porz 1 - Klub Kölner SF 1"]
[Site "Oberliga NRW 2018/2019"]
[Date "2018.10.14"]
[Round "2.5"]
[White "Bonnmann, Reinhard"]
[Black "Malykin, Vitaly"]
[Result "0-1"]
[WhiteElo "2175"]
[BlackElo "2296"]
[PlyCount "72"]
[EventDate "2018.??.??"]
[WhiteTeam "Klub Kölner SF 1"]
[BlackTeam "SG Porz 1"]

1. d4 d5 2. c4 c6 3. Nf3 Nf6 4. e3 e6 5. Bd3 Nbd7 6. Nbd2 b6 7. O-O Bb7 8. e4
dxe4 9. Nxe4 Be7 10. Qe2 O-O 11. Rd1 Qc7 12. Bg5 Rfe8 13. Bh4 c5 14. Bg3 Qc6
15. d5 exd5 16. cxd5 Nxd5 17. Bb5 Qe6 18. Qd3 Red8 19. Bc4 Nf8 20. Neg5 Qg6 21.
Qxg6 Nxg6 22. Rd2 h6 23. Nxf7 Kxf7 24. Rad1 Bf6 25. Rxd5 Rxd5 26. Rxd5 Ke8 27.
Kf1 Bxd5 28. Bxd5 Rd8 29. Bc6+ Kf7 30. b3 Ne7 31. Bb5 Nd5 32. Nd2 Nc3 33. Bc4+
Kf8 34. Bf4 b5 35. Be2 Bg5 36. Bxg5 hxg5 0-1

[Event "SG Porz 1 - Klub Kölner SF 1"]
[Site "Oberliga NRW 2018/2019"]
[Date "2018.10.14"]
[Round "2.6"]
[White "Pauly, Carlo"]
[Black "Wisskirchen, Andreas"]
[Result "0-1"]
[WhiteElo "2280"]
[BlackElo "2202"]
[PlyCount "80"]
[EventDate "2018.??.??"]
[WhiteTeam "SG Porz 1"]
[BlackTeam "Klub Kölner SF 1"]

1. d4 Nf6 2. c4 g6 3. Nc3 Bg7 4. e4 d6 5. f3 O-O 6. Bg5 c6 7. Qd2 e5 8. Nge2
Qa5 9. h4 h5 10. dxe5 dxe5 11. Nc1 Rd8 12. Nb3 Qc7 13. Qe3 Nbd7 14. O-O-O a5
15. Be2 a4 16. Nc5 a3 17. b3 Re8 18. Nxd7 Bxd7 19. g4 hxg4 20. h5 Nxh5 21. fxg4
Nf4 22. Qf2 f6 23. Bh6 Be6 24. g5 f5 25. Bxg7 Kxg7 26. Rh4 Qa5 27. Kc2 Rh8 28.
Rxf4 exf4 29. Qd4+ Kg8 30. Qf6 Bf7 31. Rd7 Rh7 32. Bh5 Qc5 33. Bxg6 Rh2+ 34.
Kb1 Rb2+ 35. Ka1 Rxa2+ 36. Kxa2 Qf2+ 37. Ne2 Qxe2+ 38. Ka1 Qb2+ 39. Qxb2 axb2+
40. Kxb2 Bxg6 0-1

[Event "SG Porz 1 - Klub Kölner SF 1"]
[Site "Oberliga NRW 2018/2019"]
[Date "2018.10.14"]
[Round "2.7"]
[White "Schmidt, Martin"]
[Black "Wagenknecht, Uwe"]
[Result "0-1"]
[WhiteElo "2204"]
[BlackElo "2165"]
[PlyCount "80"]
[EventDate "2018.??.??"]
[WhiteTeam "Klub Kölner SF 1"]
[BlackTeam "SG Porz 1"]

1. e4 c5 2. Nc3 Nc6 3. Bb5 Nd4 4. Ba4 a6 5. d3 e6 6. Nf3 Ne7 7. O-O Nec6 8.
Bxc6 Nxc6 9. e5 d5 10. exd6 Bxd6 11. Ng5 h6 12. Nge4 Be7 13. Be3 b6 14. a4 O-O
15. f4 Nd4 16. a5 f5 17. Nd2 b5 18. Ne2 Bb7 19. Bxd4 cxd4 20. Nc1 Qd5 21. Nf3
g5 22. Ne1 Rf7 23. Ne2 Rg7 24. c3 Bc5 25. Kh1 dxc3 26. Nxc3 Qd6 27. Ne2 Be3 28.
Nf3 gxf4 29. Neg1 Kh7 30. b3 e5 31. Nh4 Qf6 32. Nhf3 e4 33. Ne1 Rd8 34. Ra2
exd3 35. Ngf3 d2 36. Nxd2 Rgd7 37. Nef3 Bxf3 38. Qxf3 Rxd2 39. Rxd2 Rxd2 40.
Rc1 Rd7 0-1

[Event "SG Porz 1 - Klub Kölner SF 1"]
[Site "Oberliga NRW 2018/2019"]
[Date "2018.10.14"]
[Round "2.8"]
[White "Sabirov, Ramil"]
[Black "Pragua, Christoph"]
[Result "1/2-1/2"]
[WhiteElo "2111"]
[BlackElo "2031"]
[PlyCount "89"]
[EventDate "2018.??.??"]
[WhiteTeam "SG Porz 1"]
[BlackTeam "Klub Kölner SF 1"]

1. Nf3 Nf6 2. c4 d6 3. d4 g6 4. g3 Bg7 5. Bg2 O-O 6. O-O c6 7. Nc3 Nbd7 8. e4
e5 9. h3 exd4 10. Nxd4 Re8 11. Be3 Nc5 12. Qc2 a5 13. Rad1 Nfd7 14. b3 Qc7 15.
Kh2 f6 16. Qd2 Ne5 17. Nde2 Nf7 18. f4 Qe7 19. Nc1 Be6 20. Qf2 f5 21. e5 Ne4
22. Nxe4 fxe4 23. Bxe4 dxe5 24. Bc5 Qc7 25. f5 gxf5 26. Bxf5 Qc8 27. Bb1 e4 28.
Qf4 Ne5 29. Bxe4 Ng6 30. Bxg6 hxg6 31. h4 Bf5 32. Rfe1 a4 33. b4 Kh7 34. Bd4
Qd7 35. Bxg7 Qxg7 36. Rxe8 Rxe8 37. Qd2 Qe5 38. c5 Re7 39. Qf2 Qc3 40. Qd2 Qf3
41. Rg1 Qg4 42. Kg2 Be4+ 43. Kh2 Bf5 44. Kg2 Be4+ 45. Kh2 1/2-1/2

[Event "SK Münster 1 - SC Siegburg 1"]
[Site "Oberliga NRW 2018/2019"]
[Date "2018.10.14"]
[Round "2.1"]
[White "Jackelen, Thomas"]
[Black "Holtel, Jasper"]
[Result "1/2-1/2"]
[WhiteElo "2372"]
[BlackElo "2207"]
[PlyCount "48"]
[EventDate "2018.??.??"]
[WhiteTeam "SC Siegburg 1"]
[BlackTeam "SK Münster 1"]

1. Nf3 c5 2. c4 Nc6 3. Nc3 g6 4. e3 Nf6 5. d4 cxd4 6. exd4 d5 7. cxd5 Nxd5 8.
Qb3 e6 9. Bb5 Bg7 10. Bg5 f6 11. Be3 O-O 12. O-O Na5 13. Qc2 a6 14. Be2 Bd7 15.
Qd2 Rc8 16. Rac1 Nc4 17. Bxc4 Rxc4 18. Nxd5 exd5 19. Bh6 Bg4 20. Bxg7 Kxg7 21.
Qf4 Bxf3 22. Rxc4 dxc4 23. Qxf3 Rf7 24. Rd1 Qd6 1/2-1/2

[Event "SK Münster 1 - SC Siegburg 1"]
[Site "Oberliga NRW 2018/2019"]
[Date "2018.10.14"]
[Round "2.2"]
[White "Wolter, Kai"]
[Black "Schmidt, Bodo"]
[Result "1/2-1/2"]
[WhiteElo "2251"]
[BlackElo "2289"]
[PlyCount "92"]
[EventDate "2018.??.??"]
[WhiteTeam "SK Münster 1"]
[BlackTeam "SC Siegburg 1"]

1. e4 e6 2. Nf3 d5 3. exd5 exd5 4. d4 Bd6 5. c4 Nf6 6. c5 Be7 7. Bd3 b6 8. cxb6
axb6 9. O-O O-O 10. Nc3 Bg4 11. h3 Bh5 12. Be2 c5 13. Ne5 Bxe2 14. Nxe2 Nfd7
15. Nf3 Nf6 16. Ne5 Ne4 17. Nf4 Bf6 18. Nh5 g6 19. Nxf6+ Qxf6 20. Be3 Qe6 21.
f3 Nf6 22. Re1 Re8 23. Nd3 c4 24. Bg5 Qd6 25. Bxf6 Rxe1+ 26. Qxe1 cxd3 27. Be5
Qe6 28. Bxb8 Rxb8 29. Qxe6 fxe6 30. Rd1 Rc8 31. Rxd3 Rc1+ 32. Kh2 Kf7 33. Rb3
Rc4 34. Rxb6 Kf6 35. b4 Rxd4 36. a4 Rd1 37. a5 Ra1 38. a6 Ke5 39. b5 d4 40. Rb7
Kd6 41. a7 Kc5 42. b6 d3 43. Rb8 d2 44. b7 Kb6 45. Rd8 Kxb7 46. Rxd2 Kc6
1/2-1/2

[Event "SK Münster 1 - SC Siegburg 1"]
[Site "Oberliga NRW 2018/2019"]
[Date "2018.10.14"]
[Round "2.3"]
[White "Andreev, Eduard"]
[Black "Muschik, Benedikt"]
[Result "1/2-1/2"]
[WhiteElo "2390"]
[BlackElo "2220"]
[PlyCount "82"]
[EventDate "2018.??.??"]
[WhiteTeam "SC Siegburg 1"]
[BlackTeam "SK Münster 1"]

1. e4 g6 2. d4 Bg7 3. Nc3 d6 4. Be3 a6 5. h4 Nf6 6. f3 h5 7. Qd2 b5 8. O-O-O c6
9. Kb1 Qc7 10. Nge2 Nbd7 11. Nf4 Nb6 12. e5 Nfd5 13. Ncxd5 Nxd5 14. Nxd5 cxd5
15. exd6 Qxd6 16. Bd3 Be6 17. Rhe1 Ra7 18. Bf4 Qb6 19. Be5 Bxe5 20. Rxe5 Rd7
21. Rde1 Rg8 22. Qf4 Rd6 23. g4 hxg4 24. fxg4 Kd7 25. R5e2 Rh8 26. Rh2 g5 27.
Qe5 Rxh4 28. Rxh4 gxh4 29. g5 Qd8 30. Rh1 f6 31. gxf6 exf6 32. Qf4 h3 33. Bf5
Qg8 34. a4 Qg5 35. Bxe6+ Rxe6 36. Qb8 Qg2 37. Rh2 Qf1+ 38. Ka2 bxa4 39. Qb7+
Kd6 40. Qb6+ Kd7 41. Qb7+ Kd6 1/2-1/2

[Event "SK Münster 1 - SC Siegburg 1"]
[Site "Oberliga NRW 2018/2019"]
[Date "2018.10.14"]
[Round "2.7"]
[White "Kolkin, Michail"]
[Black "Molinaroli, Martin"]
[Result "1/2-1/2"]
[WhiteElo "2306"]
[BlackElo "2122"]
[PlyCount "123"]
[EventDate "2018.??.??"]
[WhiteTeam "SC Siegburg 1"]
[BlackTeam "SK Münster 1"]

1. Nf3 g6 2. e4 c6 3. d4 d5 4. Nc3 Bg7 5. h3 dxe4 6. Nxe4 Nd7 7. Bc4 Ngf6 8.
Nfg5 Nd5 9. O-O O-O 10. Nf3 Qc7 11. Bg5 N7f6 12. Nc5 b6 13. Nd3 Bb7 14. Bb3 Ne4
15. Bc1 Rad8 16. c4 Ndf6 17. Bf4 Qc8 18. Qe2 c5 19. dxc5 Nxc5 20. Nxc5 Qxc5 21.
Rfe1 Qf5 22. Be5 Bxf3 23. Qxf3 Qxf3 24. gxf3 Rd3 25. Re3 Rfd8 26. Rae1 e6 27.
Bc2 Rd2 28. Rc3 Nh5 29. Bxg7 Kxg7 30. Kf1 g5 31. Re2 R2d4 32. Re4 Nf4 33. Rxd4
Rxd4 34. b4 f5 35. c5 bxc5 36. bxc5 Rd7 37. h4 gxh4 38. Rc4 Ng6 39. f4 Kf6 40.
Kg2 Rc7 41. Bd1 e5 42. fxe5+ Kxe5 43. Bf3 Nf4+ 44. Kg1 Ne6 45. c6 Ng5 46. Bg2
f4 47. Rc5+ Kf6 48. Kh2 h6 49. Rc3 Ke5 50. Rc5+ Kd6 51. Rd5+ Ke6 52. Rd3 Ke7
53. Rc3 Rc8 54. Rc4 f3 55. Bh3 Nxh3 56. Kxh3 Kd6 57. Rxh4 Rh8 58. Ra4 Rh7 59.
Ra6 Kc5 60. Kg3 Kb5 61. c7 Rxc7 62. Rxh6 1/2-1/2

[Event "SK Münster 1 - SC Siegburg 1"]
[Site "Oberliga NRW 2018/2019"]
[Date "2018.10.14"]
[Round "2.8"]
[White "Korth, Daniel"]
[Black "Breest, Axel"]
[Result "1/2-1/2"]
[WhiteElo "2135"]
[BlackElo "1961"]
[PlyCount "70"]
[EventDate "2018.??.??"]
[WhiteTeam "SK Münster 1"]
[BlackTeam "SC Siegburg 1"]

1. d4 Nf6 2. Nf3 c5 3. d5 b5 4. Bg5 Qa5+ 5. c3 Ne4 6. Bf4 Bb7 7. Qd3 f5 8. Nbd2
c4 9. Qd4 b4 10. cxb4 Qxd5 11. Qxc4 Qxc4 12. Nxc4 e5 13. Ncxe5 Bxb4+ 14. Bd2
Nxd2 15. Nxd2 Nc6 16. Nd3 Rc8 17. e3 O-O 18. a3 Be7 19. Be2 d5 20. O-O d4 21.
Rac1 Ba6 22. Nc4 Bg5 23. Nc5 dxe3 24. Nxa6 Nd4 25. Bd3 e2 26. Rfe1 Bxc1 27.
Rxc1 Rfe8 28. Re1 Red8 29. Nb4 Rc5 30. Ne3 f4 31. Nec2 a5 32. Nxd4 Rxd4 33.
Bxe2 axb4 34. axb4 Rxb4 35. g3 fxg3 1/2-1/2

[Event "SV Erkenschwick 1 - SV Wattenscheid 1"]
[Site "Oberliga NRW 2018/2019"]
[Date "2018.10.14"]
[Round "2.1"]
[White "Koscielski, Janusz"]
[Black "De Vreugt, Dennis"]
[Result "0-1"]
[WhiteElo "2281"]
[BlackElo "2399"]
[Annotator "Daniel"]
[PlyCount "120"]
[EventDate "2018.??.??"]
[WhiteTeam "SV Wattenscheid 1"]
[BlackTeam "SV Erkenschwick 1"]

1. e4 e5 2. Nf3 Nc6 3. Nc3 Nf6 4. Bb5 Nd4 5. Bc4 Bc5 6. Nxe5 d5 7. Bxd5 Qe7 8.
Nf3 Bg4 9. d3 O-O-O 10. Be3 Rhe8 11. Bb3 Bh5 12. h3 Nxf3+ 13. gxf3 Bb4 14. Qe2
Nd7 15. O-O-O Bxc3 16. bxc3 Ne5 17. Bf4 Qa3+ 18. Kb1 Bxf3 19. Qe3 Bxh1 20. Rxh1
f6 21. Qg3 Re7 22. Bc1 Qa5 23. f4 Nd7 24. Qh4 Rde8 25. Qxh7 Qxc3 26. Ba3 c5 27.
Qf5 Kb8 28. Qd5 Qa5 29. Bb2 Qc7 30. Qf5 Nb6 31. c4 Qd7 32. Qxd7 Nxd7 33. Rg1
Rh8 34. Rg3 Rh4 35. Bc1 Kc7 36. Be3 b6 37. Bd1 Nf8 38. Bg4 Nd7 39. Kc2 Rh8 40.
Kc3 Nb8 41. a3 Nc6 42. Bf3 Rh4 43. Bg4 $11 g6 44. Kd2 Nd4 45. Bd1 Rg7 46. Kc3
Ne6 47. Rf3 f5 48. Be2 Kd7 49. Bf1 Ke8 50. e5 Rd7 51. Bg2 Kf7 52. Rf2 Ke7 53.
Rf1 Rd4 54. Bxd4 cxd4+ 55. Kc2 Rxf4 56. Rxf4 Nxf4 57. Bd5 Nxh3 58. Kd2 Nf4 59.
Kc2 g5 60. Kd2 Ng6 0-1

[Event "SV Erkenschwick 1 - SV Wattenscheid 1"]
[Site "Oberliga NRW 2018/2019"]
[Date "2018.10.14"]
[Round "2.2"]
[White "Bitalzadeh, Ali"]
[Black "Thiel, Thomas"]
[Result "0-1"]
[WhiteElo "2362"]
[BlackElo "2257"]
[PlyCount "42"]
[EventDate "2018.??.??"]
[WhiteTeam "SV Erkenschwick 1"]
[BlackTeam "SV Wattenscheid 1"]

1. c4 e6 2. Nc3 d5 3. cxd5 exd5 4. d4 c5 5. Nf3 Nc6 6. g3 Nf6 7. Bg2 Be7 8. O-O
O-O 9. Bg5 c4 10. Ne5 Be6 11. b3 h6 12. Bxf6 Bxf6 13. Nxc6 bxc6 14. bxc4 dxc4
15. e3 c5 16. Ne4 cxd4 17. Nxf6+ gxf6 18. Bxa8 Qxa8 19. Qxd4 Bh3 20. e4 Bxf1
21. Rxf1 Qc6 0-1

[Event "SV Erkenschwick 1 - SV Wattenscheid 1"]
[Site "Oberliga NRW 2018/2019"]
[Date "2018.10.14"]
[Round "2.3"]
[White "Schiffer, Kai-Uwe"]
[Black "Erwich, Marc"]
[Result "1/2-1/2"]
[WhiteElo "2247"]
[BlackElo "2265"]
[PlyCount "84"]
[EventDate "2018.??.??"]
[WhiteTeam "SV Wattenscheid 1"]
[BlackTeam "SV Erkenschwick 1"]

1. e4 e5 2. Nf3 Nc6 3. d4 exd4 4. Nxd4 Nf6 5. Nxc6 bxc6 6. e5 Qe7 7. Qe2 Nd5 8.
c4 Ba6 9. Nd2 g6 10. Nf3 Bg7 11. Bg5 Qb4+ 12. Qd2 Qxd2+ 13. Bxd2 Nb6 14. b3 d5
15. cxd5 Bxf1 16. Kxf1 cxd5 17. Rc1 O-O-O 18. Ng5 Rd7 19. e6 fxe6 20. Nxe6 Be5
21. g3 Re7 22. Nf4 Bd4 23. h4 Rhe8 24. Kg2 Kb7 25. Bb4 Re4 26. Bc3 Bc5 27. Rhd1
c6 28. Rc2 Bd6 29. Bd2 Nd7 30. Rdc1 Bxf4 31. Bxf4 R8e6 32. h5 gxh5 33. Rh1 Nf6
34. Bg5 R4e5 35. f4 Rf5 36. Bxf6 Rexf6 37. Re2 Kb6 38. Re7 h6 39. Kf3 a5 40.
Ke3 Rg6 41. Kf3 Rgf6 42. a3 Kc5 1/2-1/2

[Event "SV Erkenschwick 1 - SV Wattenscheid 1"]
[Site "Oberliga NRW 2018/2019"]
[Date "2018.10.14"]
[Round "2.4"]
[White "Erwich, Frank"]
[Black "Franke, Johannes"]
[Result "1-0"]
[WhiteElo "2324"]
[BlackElo "2274"]
[Annotator "Daniel"]
[PlyCount "159"]
[EventDate "2018.??.??"]
[WhiteTeam "SV Erkenschwick 1"]
[BlackTeam "SV Wattenscheid 1"]

1. Nf3 Nf6 2. c4 c6 3. Nc3 d5 4. e3 a6 5. b3 Bg4 6. h3 Bxf3 7. Qxf3 e6 8. Bb2
Bd6 9. Be2 Nbd7 10. d4 e5 11. dxe5 Nxe5 12. Qf5 dxc4 13. bxc4 Qa5 14. O-O Nxc4
15. Qxa5 Nxa5 16. Na4 Bc7 17. Nc5 O-O-O 18. Rab1 Rd5 19. Nxb7 Nxb7 20. Bxf6
gxf6 21. Bxa6 Rb5 22. Bxb5 cxb5 23. Rxb5 Nd6 24. Rh5 Kd7 25. Rd1 Ke6 26. Rc5
Kd7 27. a4 Ra8 28. Ra1 f5 29. a5 Ra6 30. g3 Bd8 31. Kg2 Ke6 32. g4 h6 33. Ra4
fxg4 34. hxg4 Nb7 35. Rh5 Ke7 $11 36. Rd5 Nd6 37. f4 Bc7 38. Kf3 Bd8 39. Re5+
Kf8 40. Rd5 Ke7 41. e4 f6 42. e5 fxe5 43. Rxe5+ Kd7 44. Rh5 Nf7 45. Rd4+ Ke7
46. Rdd5 Rc6 47. Rc5 Rd6 48. Rhd5 Ra6 49. Rb5 Nd6 50. Re5+ Kf6 51. Rbd5 Bc7 52.
Rc5 Bd8 53. Red5 Ke6 54. Rh5 Nf7 55. Ke4 Be7 56. Rcd5 Bf6 57. Kd3 Rc6 58. Rc5
Rd6+ 59. Kc2 Bd4 60. Rc7 Ra6 61. Kb3 Rd6 62. Ka4 Bf2 63. Kb5 Rd2 64. Rc6+ Ke7
65. Ka6 Rd7 66. Rc2 Bd4 67. Kb5 Rb7+ 68. Ka4 Rb1 69. Re2+ Kf6 70. Rf5+ Kg6 71.
Rd5 Bc3 72. Re6+ Kg7 73. a6 Rb4+ 74. Ka3 Rb1 75. a7 Ra1+ 76. Kb3 Bf6 77. Rd7
Kg6 78. f5+ Kg7 79. Re8 Bd8 80. Rexd8 1-0